|
|
|
|
| LEADER |
00000nam a2200000 i 4500 |
| 001 |
publ1282 |
| 005 |
20190312103126.0 |
| 008 |
190312s2018 hu ot 000 zxx d |
| 040 |
|
|
|a BGE Publikációtár Repozitórium
|b hun
|
| 100 |
1 |
|
|a Bálint Imre
|
| 245 |
1 |
0 |
|a Kollégiumi (kór)körkép
|b helyzetelemzés és javaslatok
|c Bálint Imre
|h [elektronikus dokumentum]
|
| 260 |
|
|
|a Budapesti Gazdasági Egyetem
|c 2018
|
| 300 |
|
|
|a 32
|
| 650 |
|
4 |
|a gazdálkodás- és szervezéstudományok
|
| 695 |
|
|
|a Kollégium
|
| 695 |
|
|
|a Felsőoktatás
|
| 856 |
4 |
0 |
|u https://publikaciotar.uni-bge.hu/id/eprint/1282/1/Koll%C3%A9giumi%20k%C3%B3rk%C3%B6rk%C3%A9p2.1.pdf
|z Dokumentum-elérés
|